000 004380000a22001810004500
003 MACL
005 20160109121226.0
008 160109b xxu||||| |||| 00| 0 eng d
040 _aMACL
_cMACL
041 _aEnglish
082 _a920/PUR
100 _aPuri G L
_930220
245 _aKhan Abdul Ghaffar Khan
260 _bCongress Centenary
_c1985
_aNew Delhi
350 _a35
650 _aBiography
_930221
942 _cBK
_k920/pur
_2ddc
999 _c34346
_d34346